| 000 | 00683cam a2200217 a 4500 | ||
|---|---|---|---|
| 001 | 000007768 | ||
| 005 | 20200929154307.0 | ||
| 008 | 890803s1989 sp 001 f spa | ||
| 020 | _a8433917765 | ||
| 040 |
_aDO-SdBNP _dBNPHU |
||
| 082 |
_a863.64 _bZ38r |
||
| 100 | 1 |
_aZarraluki, Pedro, _d1954- _921460 |
|
| 245 | 1 | 0 |
_aRetrato de familia con catástrofe / _cPedro Zarraluki. |
| 260 |
_aBarcelona : _bAnagrama, _c1989. |
||
| 300 |
_a189 p. ; _c20 cm. |
||
| 490 | 1 |
_aNarrativas hispánicas _vno. 76 |
|
| 650 | 4 |
_aNovela española _91123 |
|
| 650 | 4 |
_aLiteratura española _ySIGLO XX _93326 |
|
| 830 | 0 |
_aNarrativas hispánicas ; _vno. 76. _921236 |
|
| 910 | _aCatalogación derivada / LC | ||
| 999 |
_c7546 _d7546 |
||